000 01187nam a22003497a 4500
003 CHAP
005 20220329135121.0
008 971013s1960 r 00010 d
010 _a31210
011 _a32182
035 _a36295
040 _cCHAP
090 _aTesis
100 0 0 _aMárquez Sánchez, Fidel.
_976354
245 _aEstudio del achaparramiento del maíz en Veracruz y su relación con el vector y la fecha de siembra
260 _aChapingo, Méx. :
_bEl autor,
_c1960
300 _a43 h.
_b: ilus
502 _aTesis (Ing. Agr. Esp. en Fitotecnia) -- ENA. Departamento de Fitotecnia
590 _aALEPH
_b10
_c20130110
_lUCH01
_h1253
590 _aBATCH-UPD
_b10
_c20130110
_lUCH01
_h1724
590 _aBATCH-UPD
_b10
_c20130410
_lUCH01
_h1106
590 _aBATCH-UPD
_b10
_c20130914
_lUCH01
_h1750
590 _aCONVERSION
_b10
_c20130109
_lUCH01
_h1318
650 1 4 _aMaíz
_xMejoramiento.
_971006
650 1 4 _aMaíz
_xVeracruz.
_971085
901 _aBK
942 _cFOLL
949 _bBC
_cTES
_d-83728
_eTS1
_i36295
_si
949 _bBC
_cTES
_d-83729
_eTS2
_fc.2
_i36295
_si
949 _bBC
_cTES
_d-83730
_eTS2
_fc.3
_i36295
_si
949 _bBC
_cTES
_d-83731
_eTS2
_fc.4
_i36295
_si
999 _c31210
_d31210